Indovina il Monumento in Pixel - Statistics

Statistiche generali
  • Questo quiz è stato fatto 3.180 volte
  • Il punteggio medio è 5 su 9
Risposte nella Mappa
Le risposte nella mappa del quiz sottostante sono codificate secondo una scala di colori dal rosso al verde in base alla % di persone che hanno risposto correttamente.
 
Statistiche sulle risposte
Paese Indizio Risposta % Corretto
Italia Famoso sito romano in cui si svolgevano le lotte dei gladiatori e le finte battaglie navali. Colosseo
91%
Stati Uniti Un regalo del popolo francese agli Stati Uniti. Statua della Libertà
90%
Francia Questo monumento era un tempo la struttura artificiale più alta del mondo. Torre Eiffel
89%
India Mausoleo in marmo costruito per ospitare la tomba della moglie di un imperatore. Taj Mahal
73%
Perù Spesso (erroneamente) definita la "Città perduta degli Inca". Machu Picchu
62%
Egitto Si pensa che questo monolite raffiguri il faraone Chefren. Sfinge
60%
? Monumento Pixelato Cattedrale di San Basilio
44%
Regno Unito Dove potresti trovare Beefeaters, corvi e i gioielli della Corona. Torre di Londra
24%
Cina Il monumento o sito storico più visitato al mondo. Città Proibita
15%
Nessun quiz corrispondente trovato
Distribuzione punteggi
Percentuale di utenti per punteggio
Percentile per numero di risposta
I tuoi punteggi nel tempo
Non hai fatto questo quiz